Statistics for "P" Antonyms

Click here to take the quiz!

General Stats

  • This quiz has been taken 68 times
    (62 since last reset)
  • The average score is 15 of 20

Answer Stats

WordP Antonyms% Correct
MamaPapa
98%
AbsentPresent
98%
PushPull
98%
RichPoor
96%
UglyPretty
96%
SingularPlural
92%
PublicPrivate
92%
ChildParent
87%
WholePart / Percentage / Percent
87%
TemporaryPermanent
87%
PredatorPrey
87%
HarvestPlant
72%
RudePolite
70%
WealthPoverty
70%
WorkPlay
64%
CriticismPraise
64%
ScarcityPlenty
49%
FailPass
47%
WeakPowerful
45%
AwefulPleasant
28%

Score Distribution

Percentile by Number Answered

Percent of People with Each Score

Your Score History

You have not taken this quiz since the last reset